00729nam a2200181 a 450000100100000000500170001000800410002704000250006808200150009310000460010824500540015426000360020830000350024449000320027950001400031150000620045183000340051300004562820250307073711.0150417d1984 dr ac 000 0 spa d aDO-SdBNPbspacBNPHU axxxxbxxxx1 aHenríquez Ureña, Pedro,d1884-1946 10aPoesías juveniles /cPedro Henríquez Ureña. aSanto Domingo :bTaller,c1984. a72 p. :bil., retrs. ;c17 cm.1 aE. Rodríquez Demoriziv19 aA la cabeza del título: Feria Nacional del Libro, 1984. Homenaje a Pedro Henríquez Ureña en el centenario de su nacimiento, 1884. aPerteneció a la biblioteca personal de Erick Landestoy. 0aE. Rodríquez Demorizi ;n19